La educación moral: un camino de humanización
Guardat en:
| Autor principal: | |
|---|---|
| Format: | Llibre |
| Idioma: | espanyol |
| Publicat: |
Bogotá
USTA
2014
|
| Edició: | 1a. ed |
| Matèries: | |
| Etiquetes: |
Afegir etiqueta
Sense etiquetes, Sigues el primer a etiquetar aquest registre!
|
MARC
| LEADER | 00000cam a2200000 a 4500 | ||
|---|---|---|---|
| 001 | UCE4619 | ||
| 003 | CL-VaPUC | ||
| 008 | 141107e20140000ck |||||||||||||||||spa|d | ||
| 020 | |a 9789586318471 | ||
| 082 | 0 | 4 | |a 370.114 |b MAR |2 21 |
| 100 | |a Martínez Rodríguez, Jorge |e compilador |9 577176 | ||
| 245 | 1 | 3 | |a La educación moral: un camino de humanización |
| 250 | |a 1a. ed | ||
| 300 | |a 143 p | ||
| 942 | |c BK | ||
| 945 | |d 20141107 12:15:00 |a dcastane | ||
| 260 | |a Bogotá |b USTA |c 2014 | ||
| 650 | 0 | |a Educación moral |9 308319 | |
| 650 | 0 | |a Ética |9 255099 | |
| 583 | |a last modification |c 20141107 12:15:00 |k Rodrigo Vera | ||
| 999 | |c 357500 |d 357498 | ||
| 952 | |0 0 |1 0 |3 erb |4 0 |6 370_114000000000000_MAR_2014 |7 0 |8 A |9 465523 |a BIBTEO |b BIBTEO |i 5122279 |o 370.114 MAR 2014 |p 5122279 |r 2025-01-17 |w 2019-11-23 |y BK |z Catalogado en:20141107 |k ICR | ||